Friday the 13th Movies Quiz Stats

 Plays Quiz Updated Sep 13, 2019

Score 0/12 Timer 03:00
4 Plays Today
Year Title % Correct
1980Friday the 13th
95.1%
2003Freddy vs. Jason
75.1%
2002Jason X
69.6%
1981Friday the 13th Part II
68.7%
1982Friday the 13th Part III
66.6%
1993Jason Goes to Hell: The Final Friday
59.2%
2009Friday the 13th
55.9%
1989Friday the 13th Part VIII: Jason Takes Manhattan
54.8%
1986Friday the 13th Part VI: Jason Lives
46%
1984Friday the 13th: The Final Chapter
40.7%
1988Friday the 13th Part VII: The New Blood
38.1%
1985Friday the 13th: A New Beginning
38%

You're not logged in!

Compare scores with friends on all Sporcle quizzes.
OR
Log In

Sporcle TV

Today on Sporcle TV


Watch our educational content, quiz creation guides, and fun videos on Sporcle TV.

Show Comments

Extras

Top Quizzes Today


Score Distribution

Your Account Isn't Verified!

In order to create a playlist on Sporcle, you need to verify the email address you used during registration. Go to your Sporcle Settings to finish the process.

Report this User

Report this user for behavior that violates our Community Guidelines.

Details: